| 000 | 01032nam a22002297a 4500 | ||
|---|---|---|---|
| 001 | 86454 | ||
| 003 | BD-RjUL | ||
| 005 | 20260510112259.0 | ||
| 008 | 260510s1989 pk ||||| |||| 00| 0 urd d | ||
| 035 | _a(BD-RjUL)86454 | ||
| 040 |
_aBD-RjUL _beng _cBD-RjUL |
||
| 041 | _aurd | ||
| 082 |
_223 _a954.02092 _bSYK 1989 |
||
| 100 |
_aسيد الاهل، عبد العزيز ;; Syed Al Ahle, Abdul Aziz _918417 |
||
| 245 |
_aخلىفۃ الزاهد : حضرت عمر بن عبدالعزىز / K̲h̲alīfatulzāhid : Ḥaẓrat ʻUmar ibn ʻAbdulʻazīz / _cمصنّف، عبدالعزىز سىّدالاهل؛ ترجمہ، مولانا راغب رحمانى, (/ muṣannif, ʻAbdulʻazīz Sayyidulahl; tarjumah, Maulānā Rāg̲h̲ib Raḥmānī, |
||
| 264 |
_a Karāchī: _bنفیس اکیڈیمى ،, / Nafīs Akeḍemī, _c1989 |
||
| 300 |
_a400 p. ;; _c23 cm |
||
| 600 |
_aḤaẓrat ʻUmar ibn ʻAbdulʻazīz _918419 |
||
| 650 | _aBiography | ||
| 700 |
_aرحمانى، راغب، ;; Rahmani, Raghib _918418 |
||
| 942 |
_2ddc _cBK |
||
| 999 |
_c86454 _d86454 |
||